Abstracció i empatia : una contribució a la psicologia de l'estil / Wilhelm Worringer ; traducció d'Àngels Planella ; edició a cura de J. F. Yvars ; pròleg d'Oriol Bohigas una contribució a la psicologia de l'estil / Wilhelm Worringer ; traducció d'Àngels Planella ; edició a cura de J. F. Yvars ; pròleg d'Oriol Bohigas
MARC
| LEADER | 00000nam a2200000Ia 4500 | ||
|---|---|---|---|
| 001 | 6112 | ||
| 008 | 160829s1987 xx 000 0 cat d | ||
| 020 | |a 84-297-2562-8 | ||
| 080 | |a B-1-228 | ||
| 100 | |a Worringer, Wilhelm |9 34193 | ||
| 245 | |a Abstracció i empatia : |b una contribució a la psicologia de l'estil / Wilhelm Worringer ; traducció d'Àngels Planella ; edició a cura de J. F. Yvars ; pròleg d'Oriol Bohigas | ||
| 260 | |a Barcelona : |b Edicions 62 : |b Diputació de Barcelona, |c 1987 | ||
| 300 | |a 160 p. ; |c 20 cm | ||
| 490 | |a Clàssics del pensament modern ; 34 | ||
| 650 | |a Art |x Filosofia |9 34189 | ||
| 700 | |a Planella, Àngels, tr. |9 27624 |e traductor | ||
| 700 | 1 | |a Yvars, J. F. |q (José Francisco) |e editor literari |9 34191 | |
| 700 | 1 | |a Bohigas, Oriol, |d 1925-2021 |e autor del pròleg |9 1591 | |
| 710 | 1 | |a Barcelona (Catalunya : Província). |b Diputació |4 entitat editora |9 52408 | |
| 901 | |a Arxiu | ||
| 942 | |n 1 |2 udc | ||
| 952 | |0 0 |1 0 |4 0 |6 B1228 |7 1 |9 46420 |a Arxiu |b Arxiu |d 2016-12-01 |l 0 |o B-1-228 |p 6112 |r 2016-12-01 00:00:00 |w 2016-12-01 |y ARXIU | ||
| 999 | |c 50205 |d 50205 | ||